Minecraft-Biomes arides/chauds - Statistiques

Statistiques générales
  • Ce quiz a été pris 36 fois
  • Le résultat moyen est 2 sur 7
Statistiques - réponses
Biome % Correct
Désert
100%
Savane
67%
Badlands
42%
Badlands érodées
13%
Plateau de savane
8%
Savane venteuse
8%
Badlands boisées
0%
Aucun quiz correspondant
Distribution des résultats
% des personnes avec chaque résultat
Percentile par nombre de réponses
Votre historique - résultats
Vous n’avez pas pris ce quiz